000 00612nam a22002177a 4500
003 UA-OsUOA
001 69003
007 ta
008 20100531b un ||||| |||| 00| 0 ukr d
100 _aКултаєва М.
090 _a101
_bК90
942 _cSA
040 _aUA-OsUOA
_bukr
_cUA-OsUOA
_dUA-OsUOA
245 _aАпологетичний наступ філософії: німецький досвід
300 _aС.57-68
955 _a0
041 _aukr
080 _a101
773 0 _w68999
_tФілософська думка
_dК.
_d2010
_g2
650 7 _a1 Філософські науки
_2UDC
999 _c355256
_d355256